000 00951cam a2200277 a 4500
001 14318332
005 20170105102922.0
008 060328s2006 ii a 001 0 eng
010 _a 2006346672
020 _a8177584537
025 _aI-E-2006-346672; 63-01
037 _bLibrary of Congress -- New Delhi Overseas Office
_cRs550.00
040 _aDLC
_cDLC
_dDLC
042 _alcode
050 0 0 _aJZ5006.7
_b.G54 2006
100 1 _aGharekhan, Chinmaya R.
245 1 4 _aThe horseshoe table :
_ban inside view of the UN Security Council /
_cChinmaya R. Gharekhan ; foreword by Boutros Boutros Ghali.
260 _aNew Delhi :
_bDorling Kindersley (India),
_c2006.
300 _axii, 328 p. :
_bill. ;
_c24 cm.
500 _aIncludes index.
610 2 0 _aUnited Nations.
_bSecurity Council.
650 0 _aSecurity, International.
906 _a7
_bcbc
_corigode
_d3
_encip
_f20
_gy-gencatlg
942 _2ddc
_cBK
999 _c15627
_d15627